000 00403pam a2200157a 44500
008 230515b2010 xxu||||| |||| 00| 0 eng d
020 _aNULL
041 _aMARATHI
082 _aNULL
100 _aMORE SHAMRAO
245 _a;AVANI SAMRAT LOKSHAHIR PATHE BAPURAO
250 _a1
260 _aSANGALI
_bVIJAYA MADHAV AADKAR
_c2010
300 _a200
650 _a;AVANI SAMRAT LOKSHAHIR PATHE BAPURAO
999 _c477824
_d477824